Петрография: конспект лекций; в 3 ч.

التفاصيل البيبلوغرافية
المؤلف الرئيسي: Заварицкий В. А. Владимир Александрович
اللغة:الروسية
منشور في: 1960-1961
التنسيق: MixedMaterials كتاب
KOHA link:https://koha.lib.tpu.ru/cgi-bin/koha/opac-detail.pl?biblionumber=100946

MARC

LEADER 00000nam1a2200000 4500
001 100946
005 20231031112348.0
035 |a (RuTPU)RU\TPU\book\108659 
090 |a 100946 
100 |a 20060829d1961 m y0rusy50 ca 
101 0 |a rus 
102 |a RU 
200 1 |a Петрография  |e конспект лекций   |e в 3 ч.  |f В. А. Заварицкий 
210 |d 1960-1961 
700 1 |a Заварицкий  |b В. А.  |g Владимир Александрович 
801 1 |a RU  |b 63413507  |c 20060829  |g PSBO 
801 2 |a RU  |b 63413507  |c 20061206  |g PSBO 
942 |c BK